000 01404nam a2200349 a 4500
001 ebr10015593
003 CaPaEBR
006 m u
007 cr cn|||||||||
008 980710s1998 hiua sb s001 0 eng
010 _z 98035083
020 _z0824821149 (alk. paper)
020 _z0824821327 (pbk. : alk. paper)
040 _aCaPaEBR
_cCaPaEBR
035 _a(OCoLC)179141918
050 1 4 _aBR1307
_b.M85 1998eb
082 0 4 _a275.2
_221
100 1 _aMullins, Mark.
245 1 0 _aChristianity made in Japan
_h[electronic resource] :
_ba study of indigenous movements /
_cMark R. Mullins.
260 _aHonolulu :
_bUniversity of Hawai'i Press,
_cc1998.
300 _ax, 277 p. :
_bill.
490 1 _aNanzan library of Asian religion and culture
504 _aIncludes bibliographical references (p. 261-265) and index.
533 _aElectronic reproduction.
_bPalo Alto, Calif. :
_cebrary,
_d2013.
_nAvailable via World Wide Web.
_nAccess may be limited to ebrary affiliated libraries.
650 0 _aChristian sects
_zJapan.
650 0 _aChristianity and culture
_zJapan.
651 0 _aJapan
_xChurch history.
655 7 _aElectronic books.
_2local
710 2 _aebrary, Inc.
830 0 _aNanzan library of Asian religion and culture.
856 4 0 _uhttp://site.ebrary.com/lib/rucke/Doc?id=10015593
_zAn electronic book accessible through the World Wide Web; click to view
999 _c11730
_d11730